书目信息 |
| 题名: |
黄河在咆哮
|
|
| 作者: | 杨一民 著 | |
| 分册: | ||
| 出版信息: | 北京 蓝天出版社 2010 |
|
| 页数: | 203页 | |
| 开本: | 24cm | |
| 丛书名: | 第二次世界大战纪实丛书 | |
| 单 册: | ||
| 中图分类: | K265.06 | |
| 科图分类: | ||
| 主题词: | 抗日战争--史料--中国 , 抗日战争 | |
| 电子资源: | ||
| ISBN: | 978-7-80081-523-2 | |
| 000 | 00800oam2 2200265 45 | |
| 001 | 1237541903 | |
| 005 | 20120619095715.75 | |
| 010 | @a978-7-80081-523-2@dCNY26.00 | |
| 100 | @a20120402d2010 ekmy0chiy0120 ea | |
| 101 | 0 | @achi |
| 102 | @aCN@b110000 | |
| 105 | @aa z 000yy | |
| 106 | @ar | |
| 200 | 1 | @a黄河在咆哮@AHuang He Zai Pao Xiao@e中国的抗战@EZhong Guo De Kang Zhan@f杨一民著@FYang Yi Min Zhu |
| 210 | @a北京@c蓝天出版社@d2010 | |
| 215 | @a203页@c图@d24cm | |
| 225 | 2 | @a第二次世界大战纪实丛书 |
| 461 | 0 | @12001 @a第二次世界大战纪实丛书 |
| 517 | 1 | @a中国的抗战@AZhong Guo De Kang Zhan |
| 606 | 0 | @a抗日战争@j史料@y中国 |
| 606 | 0 | @a抗日战争 |
| 690 | @aK265.06@v4 | |
| 701 | 0 | @a杨一民@AYang Yi Min@4著 |
| 801 | 0 | @aCN@bTSTCL@c20120604 |
| 905 | @b0816392-95@dK265.06@e103@f4 | |
| 黄河在咆哮:中国的抗战/杨一民著.-北京:蓝天出版社,2010 |
| 203页:图;24cm.-(第二次世界大战纪实丛书) |
| ISBN 978-7-80081-523-2:CNY26.00 |
| ● |
| 相关链接 |
|
|
|
|
正题名:黄河在咆哮
索取号:K265.06/103
 
预约/预借
| 序号 | 登录号 | 条形码 | 馆藏地/架位号 | 状态 | 备注 |
| 1 | 0816392 | 208163921 | 第二样本阅览室/ [索取号:K265.06/103] | 在馆 | |
| 2 | 0816393 | 208163930 | 第二借阅区/ [索取号:K265.06/103] | 在馆 | |
| 3 | 0816394 | 208163949 | 第二借阅区/ [索取号:K265.06/103] | 在馆 | |
| 4 | 0816395 | 208163958 | 第二借阅区/ [索取号:K265.06/103] | 在馆 |